000 00913cab a2200241 4500
001 ABS58516
008 090401t1998 xxu||||| |||| 00| 0 eng d
035 _a(Sirsi) u85942
041 _aeng
100 _aDancaster, C.
245 _aHow will the statutory right to adjudication affect you?
260 _c1998
350 _a0
490 _aCSM
_bChartered Surveyor Monthly
_vApril 1998, 24-25(2)
520 _aAnswers questions arising from the Housing Grants, Construction and Regeneration Act 1996 provisions for adjudication, in effect from 1 May 1998.
650 _aADJUDICATION PROVISIONS
650 _aMANAGEMENT-DISPUTE AVOIDANCE, MANAGEMENT AND RESOLUTION-DISPUTE MANAGEMENT AND RESOLUTION-ALTERNATIVE DISPUTE RESOLUTION-ADJUDICATION
650 _aHOUSING GRANTS CONSTRUCTION AND REGENERATION ACT 1996
690 _aBUILT ENVIRONMENT
690 _aLAW
942 _n0
948 _c30/04/1998
999 _c54069
_d54069